[Event "RLP Seniors op 17th"]
[Site "Neustadt an der Weinstrasse"]
[Date "2019.07.21"]
[Round "2"]
[White "Schoeler, Klaus"]
[Black "Teutsch, Michael1111"]
[Result "1/2-1/2"]
[WhiteElo "1555"]
[BlackElo "1790"]
[PlyCount "52"]
[EventDate "2019.07.20"]
[EventType "swiss"]
[EventRounds "9"]
[EventCountry "GER"]
[SourceTitle "CBM 192 Extra"]
[Source "Chessbase"]
[SourceDate "2019.11.06"]
[SourceVersion "1"]
[SourceVersionDate "2019.11.06"]
[SourceQuality "1"]

1. Nf3 d5 2. d4 e6 3. c4 Nf6 4. e3 Be7 5. cxd5 exd5 6. Nc3 0-0 7. Bd3 c6 8. 0-0 Nbd7 9. Qc2 Re8 10. Ne5 c5 11. Nxd7 Bxd7 12. dxc5 Qa5 13. Qb3 Bc6 14. Ne2 Bxc5 15. Qd1 Bd6 16. Bd2 Qc7 17. g3 Ne4 18. Rc1 Qd7 19. Nd4 Rac8 20. Nxc6 Rxc6 21. Rxc6 bxc6 22. Qc2 g6 23. Bxe4 Rxe4 24. Rc1 Rc4 25. Qd1 Rxc1 26. Qxc1 Be5 1/2-1/2

[Event "Rheinland Pfalz op Seniors 15th"]
[Site "Neustadt an der Weinstrasse"]
[Date "2017.07.15"]
[Round "1"]
[White "Schoeler, Klaus"]
[Black "Krebs, Dietmar"]
[Result "0-1"]
[WhiteElo "1625"]
[BlackElo "1998"]
[PlyCount "98"]
[EventDate "2017.07.15"]
[EventType "swiss"]
[EventRounds "9"]
[EventCountry "GER"]
[SourceTitle "EXT 2018"]
[Source "ChessBase"]
[SourceDate "2017.10.13"]
[SourceVersion "1"]
[SourceVersionDate "2017.10.13"]
[SourceQuality "1"]

1. e4 c5 2. Nf3 d6 3. d4 cxd4 4. Nxd4 Nf6 5. Nc3 a6 6. Be2 e5 7. Nb3 Be7 8. 0-0 0-0 9. Bg5 Nbd7 10. h3 b5 11. a3 Bb7 12. Bd3 h6 13. Bh4 Rc8 14. f3 Nb6 15. Nd2 Nh5 16. Bf2 Nf4 17. Ne2 Bf6 18. Ng3 g6 19. Rb1 Na4 20. Nb3 Nc5 21. Nxc5 dxc5 22. Be2 Qc7 23. c3 Rfd8 24. Qc2 c4 25. Rfd1 Be7 26. Rxd8+ Rxd8 27. Rd1 Bc8 28. Kh2 Be6 29. Be3 Bg5 30. Bf2 Rd7 31. Nf1 Qd8 32. Rxd7 Qxd7 33. g4 Qd8 34. Bg3 Bh4 35. Bxf4 exf4 36. Qd2 Qxd2 37. Nxd2 Bf2 38. Nf1 f5 39. Kg2 Bc5 40. exf5 gxf5 41. h4 Kg7 42. h5 Kf6 43. Kh3 Kg5 44. Bd1 Bd5 45. Nd2 Be3 46. Nb1 fxg4+ 47. fxg4 Be4 48. b3 Bxb1 49. bxc4 bxc4 0-1

[Event "Rheinland Pfalz op Seniors 14th"]
[Site "Neustadt an der Weinstrasse"]
[Date "2016.07.23"]
[Round "8"]
[White "Schoeler, Klaus"]
[Black "Fey, Karl Heinz"]
[Result "1-0"]
[WhiteElo "1683"]
[BlackElo "1335"]
[PlyCount "31"]
[EventDate "2016.07.16"]
[EventType "swiss"]
[EventRounds "9"]
[EventCountry "GER"]
[SourceTitle "EXT 2019"]
[Source "ChessBase"]
[SourceDate "2018.10.10"]
[SourceVersion "1"]
[SourceVersionDate "2018.10.10"]
[SourceQuality "1"]

1. e4 c5 2. Nf3 d6 3. Bc4 e5 4. Nc3 Nc6 5. d3 h6 6. 0-0 Nge7 7. Ne1 a6 8. a3 Nd4 9. f4 b5 10. Ba2 Bb7 11. fxe5 dxe5 12. Bxf7+ Kd7 13. Qh5 Nec6 14. Nd5 Kd6 15. Qg4 Ne6 16. Qxe6# 1-0

[Event "Rheinland Pfalz op Seniors 13th"]
[Site "Neustadt an der Weinstrasse"]
[Date "2015.07.14"]
[Round "5"]
[White "Lachat, Martin"]
[Black "Schoeler, Klaus"]
[Result "0-1"]
[WhiteElo "1666"]
[BlackElo "1625"]
[PlyCount "86"]
[EventDate "2015.07.10"]
[EventType "swiss"]
[EventRounds "7"]
[EventCountry "GER"]
[SourceTitle "EXT 2019"]
[Source "ChessBase"]
[SourceDate "2018.10.10"]
[SourceVersion "1"]
[SourceVersionDate "2018.10.10"]
[SourceQuality "1"]

1. c4 c5 2. Nc3 d6 3. Nf3 Nf6 4. e3 Nc6 5. Be2 e6 6. d4 cxd4 7. Nxd4 Be7 8. 0-0 0-0 9. Nxc6 bxc6 10. Qc2 Bb7 11. b3 Rc8 12. Bb2 d5 13. Rfd1 Qc7 14. Rd2 Rfd8 15. Rad1 Bd6 16. g3 Bb4 17. a3 Be7 18. Qb1 a6 19. cxd5 cxd5 20. Rc1 Qb6 21. Rdd1 Qxb3 22. Bd3 Rb8 23. Bc2 Qb6 24. Ne2 Ba8 25. Bd4 Qd6 26. Qa1 Rdc8 27. Rd3 Qd8 28. a4 a5 29. Be5 Rb4 30. Bc3 Rbc4 31. Bb3 R4c6 32. Nd4 Ra6 33. Nb5 Bb4 34. Bxf6 Rxc1+ 35. Qxc1 gxf6 36. e4 Rc6 37. Qd1 Rc5 38. exd5 Bxd5 39. f4 Qc8 40. Qg4+ Kh8 41. Bxd5 Rc1+ 42. Rd1 Qc5+ 43. Kg2 Qc2+ 0-1

[Event "Rheinland Pfalz op Seniors 13th"]
[Site "Neustadt an der Weinstrasse"]
[Date "2015.07.13"]
[Round "4"]
[White "Schoeler, Klaus"]
[Black "Hennrich, Reinhard"]
[Result "0-1"]
[WhiteElo "1625"]
[BlackElo "1838"]
[PlyCount "118"]
[EventDate "2015.07.10"]
[EventType "swiss"]
[EventRounds "7"]
[EventCountry "GER"]
[SourceTitle "EXT 2019"]
[Source "ChessBase"]
[SourceDate "2018.10.10"]
[SourceVersion "1"]
[SourceVersionDate "2018.10.10"]
[SourceQuality "1"]

1. e4 c5 2. Nf3 d6 3. Bc4 Nc6 4. 0-0 Nf6 5. d3 Na5 6. Bb5+ Nd7 7. Bg5 a6 8. Bxd7+ Bxd7 9. Nc3 h6 10. Bh4 g5 11. Bg3 Bg7 12. h3 Nc6 13. Re1 e5 14. Rb1 0-0 15. Nd5 f5 16. exf5 Bxf5 17. Ne3 Be6 18. a3 a5 19. Nc4 b5 20. Ne3 Ra7 21. Nh2 Qe8 22. c3 Raf7 23. Qh5 Re7 24. Qe2 Qf7 25. Qf3 Qe8 26. Qe4 Ref7 27. Qg6 Re7 28. Qe4 Kh8 29. b4 axb4 30. axb4 cxb4 31. cxb4 Nd4 32. Ra1 Rd7 33. Nd5 Bf5 34. Qe3 Nc2 35. Qe2 Nxe1 36. Rxe1 Qg6 37. Rd1 Qe6 38. Ne3 Bg6 39. Nc2 Qb3 40. Nf3 Rc8 41. Nfe1 Rdc7 42. Rd2 Qf7 43. f3 Rc3 44. Bf2 Qb3 45. h4 Bxd3 46. Rxd3 Rxd3 47. hxg5 Rdc3 48. gxh6 Bxh6 49. Qe4 Qf7 50. Qh4 Qh7 51. Qf6+ Bg7 52. Qxd6 Rxc2 53. Nxc2 Qxc2 54. Bc5 Qf5 55. Qb6 Qd7 56. Qg6 Rc6 57. Qc2 Bf8 58. Qc1 Bxc5+ 59. bxc5 Qd4+ 0-1

[Event "Rheinland Pfalz op Seniors 11th"]
[Site "Neustadt an der Weinstrasse"]
[Date "2013.07.13"]
[Round "2"]
[White "Schowalter, Gerd"]
[Black "Schoeler, Klaus"]
[Result "1/2-1/2"]
[WhiteElo "1757"]
[BlackElo "1504"]
[PlyCount "81"]
[EventDate "2013.07.12"]
[EventType "swiss"]
[EventRounds "7"]
[EventCountry "GER"]
[SourceTitle "EXT 2019"]
[Source "ChessBase"]
[SourceDate "2018.10.10"]
[SourceVersion "1"]
[SourceVersionDate "2018.10.10"]
[SourceQuality "1"]

1. d4 d5 2. Nf3 Nf6 3. e3 e6 4. c4 c6 5. Nc3 Nbd7 6. Bd2 Bb4 7. Bd3 0-0 8. Ne5 Qc7 9. f4 dxc4 10. Nxc4 c5 11. a3 cxd4 12. axb4 dxc3 13. bxc3 b6 14. 0-0 Bb7 15. Qe2 Ne4 16. Rac1 Nxd2 17. Nxd2 Nf6 18. c4 Rfd8 19. Nf3 Qd6 20. Bb1 Qxb4 21. e4 Ba6 22. e5 Ne8 23. Bxh7+ Kf8 24. Bd3 Rac8 25. Ng5 Rxd3 26. Qxd3 Bxc4 27. Qd7 Rc7 28. Qd4 b5 29. Rf3 a5 30. Rfc3 a4 31. Ne4 a3 32. Nd2 a2 33. Nb3 Qa4 34. Na1 Qb4 35. h3 Qb1 36. Qd1 Qb2 37. Qc2 Qb4 38. Qh7 Qc5+ 39. Kh2 Qf2 40. Qc2 Qxf4+ 41. Kh1 1/2-1/2

[Event "Zweibruecken PSB-ch HT3 82nd"]
[Site "Zweibruecken"]
[Date "2013.03.23"]
[Round "2"]
[White "Geisert, Bernd"]
[Black "Schoeler, Klaus"]
[Result "0-1"]
[WhiteElo "1368"]
[BlackElo "1470"]
[PlyCount "78"]
[EventDate "2013.??.??"]
[EventType "swiss"]
[EventRounds "7"]
[EventCountry "GER"]
[SourceTitle "EXT 2014"]
[Source "ChessBase"]
[SourceDate "2013.11.20"]
[SourceVersion "1"]
[SourceVersionDate "2013.11.20"]
[SourceQuality "1"]

1. d4 Nf6 2. Nf3 d5 3. c3 e6 4. g3 c5 5. Bg2 Nc6 6. e3 cxd4 7. exd4 Be7 8. 0-0 0-0 9. Nbd2 b6 10. Re1 Bb7 11. Nb3 Rc8 12. Be3 a5 13. a4 Ba6 14. Bf1 Bxf1 15. Rxf1 Ne4 16. Ne5 Bf6 17. f3 Nd6 18. Nxc6 Rxc6 19. Nd2 Nf5 20. Bf2 Qc7 21. f4 Rb8 22. Nf3 b5 23. g4 Nd6 24. Ne5 Rcb6 25. Nd3 Ne4 26. Be1 b4 27. Rc1 bxc3 28. bxc3 Rb3 29. g5 Be7 30. Qc2 Qc4 31. Ne5 Qxa4 32. Nd3 Qb5 33. Rf3 Rb1 34. Kg2 Rxc1 35. Qxc1 Qb1 36. Qxb1 Rxb1 37. Kh3 a4 38. Re3 a3 39. Kg4 a2 0-1

[Event "RLP-ch Seniors 26th"]
[Site "Ludwigshafen"]
[Date "2007.07.18"]
[Round "4"]
[White "Schoeler, Klaus"]
[Black "Finzer, Lothar"]
[Result "0-1"]
[WhiteElo "1568"]
[BlackElo "1751"]
[PlyCount "70"]
[EventDate "2007.07.15"]
[EventType "swiss"]
[EventRounds "7"]
[EventCountry "GER"]
[SourceTitle "EXT 2009"]
[Source "ChessBase"]
[SourceDate "2008.11.26"]
[SourceVersion "1"]
[SourceVersionDate "2008.11.26"]
[SourceQuality "1"]

1. e4 c6 2. d4 e6 3. Nf3 d5 4. e5 h6 5. Bd3 Ne7 6. c3 Ng6 7. Qc2 Nh4 8. Nbd2 Nxg2+ 9. Kd1 Nf4 10. Bf1 Be7 11. h4 Ng6 12. Rg1 Bf8 13. Rg4 Nd7 14. Bh3 Ne7 15. Rg3 Nb6 16. c4 Nxc4 17. Nxc4 dxc4 18. Qxc4 Nd5 19. a3 Bd7 20. Bd2 Rc8 21. b4 b6 22. Ke2 c5 23. dxc5 bxc5 24. b5 Nb6 25. Qb3 c4 26. Qb1 Na4 27. Bb4 Bxb5 28. Kf1 c3+ 29. Kg1 c2 30. Qc1 Bxb4 31. axb4 Nc3 32. Bf1 Bxf1 33. Kxf1 Qd1+ 34. Kg2 Qxc1 35. Rxc1 Ne2 0-1

[Event "Pfalz-ch Seniors 75th"]
[Site "Kaiserslautern"]
[Date "2006.04.15"]
[Round "7"]
[White "Schoeler, Klaus"]
[Black "Jaeger, Erich"]
[Result "0-1"]
[WhiteElo "1580"]
[BlackElo "1740"]
[PlyCount "84"]
[EventDate "2006.04.07"]
[EventType "swiss"]
[EventRounds "7"]
[EventCountry "GER"]
[SourceTitle "EXT 2007"]
[Source "ChessBase"]
[SourceDate "2006.11.23"]
[SourceVersion "1"]
[SourceVersionDate "2006.11.23"]
[SourceQuality "1"]

1. d4 Nf6 2. Nf3 g6 3. g3 Bg7 4. Bg2 d5 5. 0-0 0-0 6. c3 Nbd7 7. Bg5 Ne4 8. Bf4 Re8 9. Nbd2 f5 10. Ng5 e5 11. Ngxe4 dxe4 12. Bxe5 Nxe5 13. dxe5 Bxe5 14. Nc4 Bf6 15. Qxd8 Rxd8 16. Rfd1 Be6 17. Ne3 Rxd1+ 18. Nxd1 Rd8 19. Kf1 Bxa2 20. Ke1 Bb3 21. Ne3 a6 22. Ra3 Be6 23. f3 exf3 24. Bxf3 c6 25. h4 f4 26. Ng4 Be7 27. gxf4 Bxg4 28. Bxg4 Bxa3 29. bxa3 Kf7 30. h5 b6 31. Bf3 Rd6 32. hxg6+ hxg6 33. Be4 Kf6 34. Bd3 Rxd3 35. exd3 Kf5 36. Ke2 Kxf4 37. Kf2 g5 38. c4 c5 39. a4 a5 40. Kg2 g4 41. Kf2 g3+ 42. Ke2 g2 0-1

[Event "Pfalz-ch Seniors 75th"]
[Site "Kaiserslautern"]
[Date "2006.04.10"]
[Round "4"]
[White "Wild, Heinz Oskar"]
[Black "Schoeler, Klaus"]
[Result "1/2-1/2"]
[WhiteElo "1755"]
[BlackElo "1580"]
[PlyCount "78"]
[EventDate "2006.04.07"]
[EventType "swiss"]
[EventRounds "7"]
[EventCountry "GER"]
[SourceTitle "EXT 2007"]
[Source "ChessBase"]
[SourceDate "2006.11.23"]
[SourceVersion "1"]
[SourceVersionDate "2006.11.23"]
[SourceQuality "1"]

1. e4 c5 2. Nf3 d6 3. d4 cxd4 4. Nxd4 Bd7 5. Nc3 a6 6. Be2 g6 7. Be3 Bg7 8. Qd2 Nc6 9. 0-0 Rc8 10. f4 Nxd4 11. Bxd4 e5 12. fxe5 dxe5 13. Be3 Ne7 14. Rad1 Bc6 15. Qxd8+ Rxd8 16. Rxd8+ Kxd8 17. Rxf7 Bf8 18. Bc5 Ke8 19. Rf6 Bd7 20. Bc4 b5 21. Bf7+ Kd8 22. Rxa6 Nc8 23. Bxf8 Rxf8 24. Bd5 b4 25. Ra8 bxc3 26. bxc3 Ke7 27. c4 Nb6 28. Ra6 Nxd5 29. cxd5 Bb5 30. Ra7+ Kd6 31. h3 Rf1+ 32. Kh2 Rf2 33. Rxh7 Rxc2 34. Rg7 Rxa2 35. Rxg6+ Kd7 36. Kg3 Bd3 37. Re6 Bxe4 38. Rxe5 Bxg2 39. h4 Kd6 1/2-1/2

[Event "Kurpfalz Seniors op 08th"]
[Site "Ludwigshafen"]
[Date "2002.09.13"]
[Round "6"]
[White "Jung, Michael"]
[Black "Schoeler, Klaus"]
[Result "1/2-1/2"]
[WhiteElo "1648"]
[BlackElo "1680"]
[PlyCount "76"]
[EventDate "2002.09.08"]
[EventType "swiss"]
[EventRounds "7"]
[EventCountry "GER"]
[SourceTitle "EXT 2007"]
[Source "ChessBase"]
[SourceDate "2006.11.23"]
[SourceVersion "1"]
[SourceVersionDate "2006.11.23"]
[SourceQuality "1"]

1. Nf3 Nf6 2. d4 d5 3. e3 c6 4. Bd3 g6 5. 0-0 Bg7 6. Nbd2 0-0 7. c3 Re8 8. e4 dxe4 9. Nxe4 Bg4 10. Nxf6+ Bxf6 11. h3 Bc8 12. Bc4 e6 13. Bf4 Nd7 14. Re1 b5 15. Bb3 Bb7 16. Qd2 c5 17. Re3 Bxf3 18. Rxf3 cxd4 19. cxd4 Bg7 20. Rd1 Nb6 21. Be5 Bf6 22. Bf4 g5 23. Bg3 Nd5 24. Bc2 Qe7 25. a3 Qd7 26. Bb3 a5 27. Rc1 a4 28. Bxd5 Qxd5 29. Rfc3 Red8 30. Rc5 Qxd4 31. Qxd4 Rxd4 32. Rxb5 e5 33. f3 Rdd8 34. b3 axb3 35. Rxb3 Ra4 36. Be1 e4 37. fxe4 Rxe4 38. Bb4 Be7 1/2-1/2

[Event "Kurpfalz op Seniors op 06th"]
[Site "Ludwigshafen"]
[Date "2000.10.06"]
[Round "6"]
[White "Schoeler, Klaus"]
[Black "Voelpel, Friedrich"]
[Result "1/2-1/2"]
[WhiteElo "1619"]
[BlackElo "1711"]
[PlyCount "42"]
[EventDate "2000.10.01"]
[EventType "swiss"]
[EventRounds "7"]
[EventCountry "GER"]
[SourceTitle "EXT 2007"]
[Source "ChessBase"]
[SourceDate "2006.11.23"]
[SourceVersion "1"]
[SourceVersionDate "2006.11.23"]
[SourceQuality "1"]

1. e4 c5 2. Nf3 Nc6 3. d4 cxd4 4. Nxd4 Qa5+ 5. Nc3 e6 6. Nxc6 bxc6 7. Bd2 Qc7 8. Bd3 Nf6 9. 0-0 Bb7 10. a3 Bd6 11. h3 0-0 12. b4 c5 13. Nb5 Qb8 14. Nxd6 Qxd6 15. bxc5 Qxc5 16. Bb4 Qc6 17. f3 Rfc8 18. Qe1 d5 19. e5 Nd7 20. Qh4 g6 21. Qg5 Qc7 1/2-1/2

[Event "Kurpfalz op Seniors op 06th"]
[Site "Ludwigshafen"]
[Date "2000.10.05"]
[Round "5"]
[White "Blumenstiel, Heinrich"]
[Black "Schoeler, Klaus"]
[Result "1/2-1/2"]
[WhiteElo "1778"]
[BlackElo "1619"]
[PlyCount "56"]
[EventDate "2000.10.01"]
[EventType "swiss"]
[EventRounds "7"]
[EventCountry "GER"]
[SourceTitle "EXT 2007"]
[Source "ChessBase"]
[SourceDate "2006.11.23"]
[SourceVersion "1"]
[SourceVersionDate "2006.11.23"]
[SourceQuality "1"]

1. c4 d5 2. cxd5 Qxd5 3. Nc3 Qd8 4. g3 e6 5. Bg2 Nf6 6. Nf3 Bb4 7. 0-0 0-0 8. d3 Nbd7 9. Rb1 c6 10. a3 Ba5 11. b4 Bc7 12. Bg5 h6 13. Bd2 Ne5 14. Nxe5 Bxe5 15. Na4 Nd5 16. b5 Qc7 17. e4 Nb6 18. Nxb6 axb6 19. Be3 c5 20. a4 Rd8 21. Qc2 Qd7 22. Rfd1 Bd4 23. Bf4 e5 24. Be3 Qd6 25. h3 Be6 26. Kh2 Ra5 27. Rd2 Ra7 28. Bf3 Rda8 1/2-1/2

[Event "Nord West Cup"]
[Site "Oldenburg"]
[Date "2000.02.11"]
[Round "2"]
[White "Schoeler, Klaus"]
[Black "Zschischang, Marine"]
[Result "0-1"]
[WhiteElo "1627"]
[BlackElo "2037"]
[PlyCount "96"]
[EventDate "2000.??.??"]
[EventType "swiss"]
[EventRounds "7"]
[EventCountry "GER"]
[SourceTitle "EXT 2002"]
[Source "ChessBase"]
[SourceDate "2001.11.25"]
[SourceVersion "1"]
[SourceVersionDate "2001.11.25"]
[SourceQuality "1"]

1. c4 e6 2. Nc3 Nf6 3. d4 d5 4. cxd5 exd5 5. Nf3 c6 6. g3 Bf5 7. Bg2 Bd6 8. 0-0 Nbd7 9. Re1 0-0 10. Nh4 Bg4 11. Qc2 Qc7 12. Nf5 Bxf5 13. Qxf5 g6 14. Qd3 Rfe8 15. Bg5 Kg7 16. Rac1 Qb6 17. Na4 Qa5 18. Nc3 h6 19. Bd2 Qd8 20. e4 dxe4 21. Nxe4 Nxe4 22. Rxe4 Rxe4 23. Bxe4 Nf6 24. Bg2 Qb6 25. Bc3 Nd5 26. Bxd5 cxd5 27. Re1 Rd8 28. Qf3 Qc6 29. Qe3 Bf8 30. Qe5+ Kg8 31. h4 Bg7 32. Qe7 Bf6 33. Qe3 h5 34. Qf3 Kg7 35. Qe3 Qa4 36. a3 Rc8 37. Bb4 Qd7 38. Kh2 Qg4 39. Bc3 Qf5 40. Rd1 Rc6 41. Qd2 Qg4 42. Qd3 a6 43. f3 Qc8 44. Bd2 Rc2 45. Qe3 Rxb2 46. Qh6+ Kg8 47. Qf4 Qc2 48. Qxf6 Qxd1 0-1